Ethnography of a denotified tribe : (Record no. 38841)

MARC details
000 -LEADER
fixed length control field 00803nam a22002177a 4500
005 - DATE AND TIME OF LATEST TRANSACTION
control field 20100803103830.0
010 ## - LCCN (DPL NO)
LC control number ENG-97861
020 ## - INTERNATIONAL STANDARD BOOK NUMBER
International Standard Book Number 8183243452
Terms of availability 695.00
035 ## - SYSTEM CONTROL NUMBER
System control number EN-81394
037 ## - SOURCE OF ACQUISITION
Source of stock number/acquisition DBAD/PUB
082 ## - DEWEY DECIMAL CLASSIFICATION NUMBER
Classification number 305.8
100 ## - MAIN ENTRY--PERSONAL NAME
Personal name Burman,J J Roy
245 ## - TITLE STATEMENT
Title Ethnography of a denotified tribe :
Remainder of title The Laman Banjara /
Statement of responsibility, etc BY J J Roy Burman
260 ## - PUBLICATION, DISTRIBUTION, ETC. (IMPRINT)
Place of publication, distribution, etc New Delhi
Name of publisher, distributor, etc Mittal Publications
Date of publication, distribution, etc 2010
270 ## - ADDRESS
Address 4594/9 Daryaganj
City New Delhi
Postal code 110002
300 ## - PHYSICAL DESCRIPTION
Extent xv,190p
Other physical details ill,36 colour photo
Dimensions 21cm(Hb)
500 ## - GENERAL NOTE
General note includes bibliographical references and index
650 ## - SUBJECT ADDED ENTRY--TOPICAL TERM
Topical term or geographic name as entry element ethnology
942 ## - ADDED ENTRY ELEMENTS (KOHA)
Source of classification or shelving scheme Dewey Decimal Classification
Item type English Books
Classification part 305.8
Call number suffix BUR
Holdings
Withdrawn status Lost status Not for loan Collection code Home library Current library Date acquired Source of acquisition Cost, normal purchase price Full call number Barcode Copy number Cost, replacement price Koha item type
    Not For Loan Non-fiction D.B.Act.Division D.B.Act.Division 03/08/2010 DBAD/PUB 695.00 305.8 BUR EN-81394 1 695.00 English Books

© Delhi Public Library
Hit Counter
free hit counter